[Event "CCLA/SchemingMind Challenge"]
[Site "SchemingMind.com"]
[Date "2008.06.15"]
[Round "-"]
[White "pawnsnatcher17"]
[Black "James Bradner"]
[Result "0-1"]
[WhiteCountry "USA"]
[BlackCountry "ENG"]
[WhiteElo "1693"]
[WhiteRD "99"]
[BlackElo "1970"]
[BlackRD "101"]
[GameID "158582"]

1. e4 c5 2. Nf3 e6 3. d4 cxd4 4. Nxd4 Nc6 5. Nc3 a6 6. g3 Bb4 7. Nxc6 Bxc3+ 8. bxc3 bxc6 9. Qd6 Qf6 10. e5 Qf3
11. Ba3 Qxc3+ 12. Ke2 Qxc2+ 13. Kf3 c5 14. Bd3 Qa4 15. Bxc5 Qc6+ 16. Be4 Qxd6 17. Bxd6 Ra7 18. Rab1 f5 19. exf6 Nxf6 20. Rhc1 Kf7
21. Rb8 Nxe4 22. Kxe4 Bb7+ 23. Ke5 Rxb8 24. Bxb8 Ra8 25. Bd6 Bf3 26. Rc4 g5 27. a4 Rd8 28. Bc7 Rc8 29. Kd6 Bc6 30. Rc5 Kg6
31. Ra5 Ra8 32. Ke7 g4 33. Bf4 h6 34. Kd6 Kg7 35. Kc7 Kg6 36. Kd6 Kg7 37. Rh5 Bxa4 38. Bxh6+ Kg6 39. Rh4 Bc6 40. Be3 Kf5
41. h3 gxh3 42. Rxh3 a5 43. Rh5+ Ke4 44. Rh1 a4 45. Ra1 a3 46. g4 a2 47. g5 Kf5 48. f4 Ra6 49. Ke7 Bb5 50. Kf7 d6
51. g6 e5 52. fxe5 dxe5 53. g7 Bc4+ 54. Ke7 Kg6 55. Rg1+ Kh7
0-1

[Event "CCLA/SchemingMind Challenge"]
[Site "SchemingMind.com"]
[Date "2008.06.15"]
[Round "-"]
[White "James Bradner"]
[Black "pawnsnatcher17"]
[Result "1-0"]
[WhiteCountry "ENG"]
[BlackCountry "USA"]
[WhiteElo "1952"]
[WhiteRD "110"]
[BlackElo "1867"]
[BlackRD "124"]
[GameID "158610"]

1. e4 e5 2. Nf3 Nc6 3. Nc3 Nf6 4. Bb5 Nd4 5. Bc4 Bc5 6. Nxe5 Qe7 7. Nf3 d5 8. Nxd5 Nxd5 9. Bxd5 c6 10. Nxd4 cxd5
11. Ne2 Qxe4 12. d4 Bd6 13. O-O O-O 14. Nc3 Qf5 15. Re1 Be6 16. Nb5 Bb8 17. Na3 Bd6 18. Nb5 Bb8 19. Na3 Bd6 20. c3 Bxa3
21. bxa3 h6 22. Re5 Qg6 23. Qb3 b6 24. Bf4 Rac8 25. Bg3 Qd3 26. Re3 Qa6 27. Rae1 Rc4 28. Be5 Rfc8 29. Rg3 g6 30. Bf4 Qa5
31. Rxe6 fxe6 32. Qc2 Qxa3 33. Qxg6+ Kf8 34. Qg8+ Ke7 35. Rg7+
1-0

[Event "CCLA/SchemingMind Challenge"]
[Site "SchemingMind.com"]
[Date "2008.06.15"]
[Round "-"]
[White "VFausey"]
[Black "keen"]
[Result "1-0"]
[WhiteCountry "USA"]
[BlackCountry "SCO"]
[WhiteElo "1870"]
[WhiteRD "232"]
[BlackElo "1771"]
[BlackRD "55"]
[GameID "158583"]

1. e4 c6 2. d4 d5 3. exd5 cxd5 4. Bd3 Nc6 5. c3 Nf6 6. Bf4 Bg4 7. Qb3 Na5 8. Qa4+ Bd7 9. Qc2 g6 10. Nf3 Bg7
11. Nbd2 O-O 12. O-O Nh5 13. Be3 Qc7 14. Rae1 e6 15. Ne5 Nc6 16. Nxd7 Qxd7 17. Nf3 Rac8 18. Qd1 a6 19. g4 Nf6 20. Ne5 Nxe5
21. dxe5 Ne8 22. Bf4 Qd8 23. Qe2 Nc7 24. Qe3 Ne8 25. Qa7 Qc7 26. f3 Qe7 27. Bxa6 Qc5+ 28. Qxc5 Rxc5 29. Bd3 Nc7 30. Bg5 Ra8
31. a3 b5 32. Be7 Rc6 33. Rf2 Bf8 34. Bxf8 Kxf8 35. Kg2 Na6 36. Bxb5 Rb6 37. Bf1 Nc5 38. c4 dxc4 39. Bxc4 Rab8 40. b4 Nd7
41. Rd2 Rc8 42. Bxe6 Rxe6 43. Rxd7 Ra8 44. Re3 Rea6 45. Rc3 Rxa3 46. Rcc7 Re8 47. Rxf7+ Kg8 48. Rg7+ Kh8 49. Rxh7+ Kg8 50. Rcg7+ Kf8
51. Rxg6 Rxe5 52. Rf6+ Kg8 53. Rb7 Re2+ 54. Kg3 Raa2 55. Rc6 Ra8 56. h4 Re3 57. Rcc7 Kf8 58. b5 Re1 59. Rh7 Rb1 60. Rh8#
1-0

[Event "CCLA/SchemingMind Challenge"]
[Site "SchemingMind.com"]
[Date "2008.06.15"]
[Round "-"]
[White "keen"]
[Black "VFausey"]
[Result "1/2-1/2"]
[WhiteCountry "SCO"]
[BlackCountry "USA"]
[WhiteElo "1796"]
[WhiteRD "57"]
[BlackElo "1670"]
[BlackRD "290"]
[GameID "158611"]

1. d4 d5 2. e3 Nf6 3. Bd3 c5 4. c3 Nc6 5. Nd2 cxd4 6. exd4 e6 7. f4 Bd6 8. Ndf3 O-O 9. Ne5 Ne4 10. Ngf3 h6
11. Qe2 Bxe5 12. fxe5 Qc7 13. Bxe4 dxe4 14. Qxe4 b6 15. O-O Ba6 16. Rf2 Rae8 17. Qg4 f5 18. Qg3 Kh8 19. Qg6 Qf7 20. Nh4 Ne7
21. Qxf7 Rxf7 22. Nf3=
1/2-1/2

[Event "CCLA/SchemingMind Challenge"]
[Site "SchemingMind.com"]
[Date "2008.06.15"]
[Round "-"]
[White "GBEDARD"]
[Black "Dan Bray"]
[Result "1-0"]
[WhiteCountry "USA"]
[BlackCountry "ENG"]
[WhiteElo "1855"]
[WhiteRD "156"]
[BlackElo "1687"]
[BlackRD "124"]
[GameID "158584"]

1. e4 c5 2. Nf3 Nc6 3. d4 cxd4 4. Nxd4 Nf6 5. Nc3 d6 6. Bb5 Bd7 7. Bg5 e6 8. O-O Be7 9. Nb3 a6 10. Be2 Qc7
11. Qd2 h6 12. Be3 O-O 13. f4 Rad8 14. Rad1 b5 15. a3 Bc8 16. Bf3 Bb7 17. Qf2 Nd7 18. Rd2 Na5 19. Nxa5 Qxa5 20. Rfd1 b4
21. axb4 Qxb4 22. Rd4 Qxb2 23. R4d3 Nc5 24. Bxc5 dxc5 25. Rb1 Qa3 26. Nd5 Qa2 27. Nxe7+ Kh8 28. Rxb7 c4 29. Rxd8 Rxd8 30. h3 Qa1+
31. Kh2 Qf6 32. Bh5 g6 33. e5 Qg7 34. Nxg6+
1-0

[Event "CCLA/SchemingMind Challenge"]
[Site "SchemingMind.com"]
[Date "2008.06.15"]
[Round "-"]
[White "Dan Bray"]
[Black "GBEDARD"]
[Result "0-1"]
[WhiteCountry "ENG"]
[BlackCountry "USA"]
[WhiteElo "1723"]
[WhiteRD "125"]
[BlackElo "1712"]
[BlackRD "187"]
[GameID "158612"]

1. d4 Nf6 2. c4 e6 3. Nf3 d5 4. Nc3 c6 5. e3 Nbd7 6. Bd3 Be7 7. O-O O-O 8. b3 b6 9. Bb2 Bb7 10. Qe2 Qc7
11. e4 dxe4 12. Nxe4 Rad8 13. Rad1 Nxe4 14. Bxe4 Nf6 15. Bc2 Bd6 16. g3 Rfe8 17. Ne5 c5 18. Ng4 Nxg4 19. Qxg4 f5 20. Qh5 g6
21. Qh6 Bf8 22. Qe3 cxd4 23. Bxd4 Qc6 24. f3 e5 25. Bxb6 Rxd1 26. Bxd1 axb6 27. Kg2 Bc5 28. Qc3 e4 29. b4 exf3+ 30. Bxf3 Re2+
31. Kh3 g5 32. Bd5+ Qxd5
0-1

[Event "CCLA/SchemingMind Challenge"]
[Site "SchemingMind.com"]
[Date "2008.06.15"]
[Round "-"]
[White "PStuart"]
[Black "Ashmaster"]
[Result "0-1"]
[WhiteCountry "USA"]
[BlackCountry "IRL"]
[WhiteElo "1453"]
[WhiteRD "307"]
[BlackElo "1924"]
[BlackRD "86"]
[GameID "158585"]

1. d4 d5 2. Nf3 Nf6 3. Bf4 c6 4. c3 Bf5 5. e3 e6 6. Bd3 Bxd3 7. Qxd3 Bd6 8. Nbd2 O-O 9. Ne5 c5 10. Ndf3 c4
11. Qc2 Ne4 12. Nd2 Nxd2 13. Qxd2 Qc7 14. O-O Nd7 15. Nxd7 Qxd7 16. Rfe1 Qc7 17. Bxd6 Qxd6 18. e4 a5 19. e5 Qe7 20. Re3 b5
21. Rh3 b4 22. Re1 bxc3 23. bxc3 Rab8 24. Qc2 h6 25. Rg3 Qb7 26. Qd2 Kh7 27. h4 Qb2 28. Qe2 Qxe2 29. Rxe2 Rb1+ 30. Kh2 Rfb8
31. Rge3 R8b2 32. g3 Rxe2 33. Rxe2 Rc1 34. Rb2 Rxc3 35. Kg2 Rd3
0-1

[Event "CCLA/SchemingMind Challenge"]
[Site "SchemingMind.com"]
[Date "2008.06.15"]
[Round "-"]
[White "Ashmaster"]
[Black "PStuart"]
[Result "1/2-1/2"]
[WhiteCountry "IRL"]
[BlackCountry "USA"]
[WhiteElo "1953"]
[WhiteRD "86"]
[BlackElo "1644"]
[BlackRD "284"]
[GameID "158613"]

1. d4 c6 2. c4 d5 3. Nc3 Nf6 4. e3 Bf5 5. Nf3 e6 6. Nh4 Bg6 7. Nxg6 hxg6 8. Bd2 Bd6 9. Qb3 Qc7 10. h3 Nbd7
11. Bd3 Be7 12. cxd5 exd5 13. O-O-O Qb6 14. Qa4 Qb4 15. Qxb4 Bxb4 16. g4 O-O-O 17. g5 Ne8 18. f3 Nd6 19. e4 Bxc3 20. Bxc3 Rh5
21. Bb4 Nb6 22. Bxd6 Rxd6 23. e5 Rd8 24. f4 Rdh8 25. e6 fxe6 26. Bxg6 Rh4 27. f5 exf5 28. Bxf5+ Kd8 29. Bg4 Re8 30. Rhf1 Rhh8
31. Rf7 Re7 32. Rdf1 Ke8 33. Rxe7+ Kxe7 34. g6 Rf8 35. Re1+ Kd8 36. Re6 Rf4 37. Rd6+ Ke7 38. Re6+ Kd8 39. Rd6+ Ke7 40. Re6+=
1/2-1/2

[Event "CCLA/SchemingMind Challenge"]
[Site "SchemingMind.com"]
[Date "2008.06.15"]
[Round "-"]
[White "WSmiley"]
[Black "agarr"]
[Result "1/2-1/2"]
[WhiteCountry "USA"]
[BlackCountry "RUS"]
[WhiteElo "1781"]
[WhiteRD "227"]
[BlackElo "1676"]
[BlackRD "86"]
[GameID "158586"]

1. e4 e5 2. Nc3 Bc5 3. Nf3 Nc6 4. d3 h6 5. Be2 Nf6 6. a3 d6 7. Be3 Nd4 8. h3 Nxe2 9. Qxe2 Bxe3 10. Qxe3 Be6
11. O-O O-O 12. Rad1 c5 13. Nd2 Qd7 14. f4 exf4 15. Rxf4 Rae8 16. d4 Nh7 17. dxc5 g5 18. Rf2 dxc5 19. Qxc5 g4 20. Nf1 Qc8
21. Qxc8 Bxc8 22. h4 f5 23. exf5 Rxf5 24. Ng3 Rxf2 25. Kxf2 Nf6 26. Nb5 a6 27. Nd4 Ne4+ 28. Nxe4 Rxe4 29. c3 g3+ 30. Kxg3 Rg4+
31. Kf2 Rxh4 32. Nf3 Rc4 33. Nd4 Bg4 34. Re1 Kf7 35. Nc2 Rc5 36. Ne3 Be6 37. Rh1 Kg6 38. Rh4 h5 39. c4 Kg5 40. Rd4 h4
41. b4=
1/2-1/2

[Event "CCLA/SchemingMind Challenge"]
[Site "SchemingMind.com"]
[Date "2008.06.15"]
[Round "-"]
[White "agarr"]
[Black "WSmiley"]
[Result "0-1"]
[WhiteCountry "RUS"]
[BlackCountry "USA"]
[WhiteElo "1676"]
[WhiteRD "86"]
[BlackElo "1781"]
[BlackRD "227"]
[GameID "158614"]

1. e4 e5 2. Nf3 Nc6 3. Bc4 Bc5 4. c3 Nf6 5. d4 exd4 6. cxd4 Bb4+ 7. Nc3 Nxe4 8. O-O Bxc3 9. d5 Bf6 10. Re1 Ne7
11. Rxe4 d6 12. Bg5 Bxg5 13. Nxg5 h6 14. Qh5 g6 15. Qh4 Kf8 16. Rf4 Nf5 17. Ne6+ Bxe6 18. Qxd8+ Rxd8 19. dxe6 d5 20. Bd3 fxe6
21. Re1 Re8 22. Re5 h5 23. h3 Kf7 24. g4 Kf6 25. Re2 e5 26. Ra4 Nd4 27. Re3 a6 28. Rb4 b5 29. a4 c5 30. Rxd4 cxd4
31. Re1 e4 32. Bc2 d3 33. Bb3 Rd8 34. axb5 axb5 35. Bd1 h4 36. f4 g5 37. f5 Rhe8
0-1

[Event "CCLA/SchemingMind Challenge"]
[Site "SchemingMind.com"]
[Date "2008.06.15"]
[Round "-"]
[White "GThomas"]
[Black "Ingemar Assarsjö"]
[Result "0-1"]
[WhiteCountry "USA"]
[BlackCountry "SWE"]
[WhiteElo "1406"]
[WhiteRD "262"]
[BlackElo "1867"]
[BlackRD "104"]
[GameID "158587"]

1. Nf3 Nf6 2. g3 g6 3. b4 Bg7 4. Bb2 O-O 5. Bg2 c6 6. O-O d5 7. d3 Re8 8. Nbd2 Bg4 9. Re1 Nbd7 10. e4 Nxe4
11. Bxg7 Nxd2 12. Qxd2 Kxg7 13. Qc3+ Kg8 14. Ne5 Nxe5 15. Qxe5 f6 16. Qf4 Qd7 17. Bf3 Bxf3 18. Qxf3 Qd6 19. Rab1 e5 20. a3 f5
21. Qe2 e4 22. d4 Re7 23. Qe3 Rf7 24. f3 exf3 25. Qxf3 Re7 26. Kf1 Rae8 27. Rxe7 Qxe7 28. Qf2 Qe3 29. Re1 Qxe1+ 30. Qxe1 Rxe1+
31. Kxe1 g5 32. Ke2 Kf7 33. Ke3 Ke6 34. Kf3 b6 35. c3 Kd6 36. Ke3 c5 37. b5 cxd4+ 38. cxd4 Ke6 39. Kf3 g4+ 40. Kf4= Kf6
41. Ke3 Kg5 42. Ke2 f4 43. Kf2 f3 44. Ke3 Kf5
0-1

[Event "CCLA/SchemingMind Challenge"]
[Site "SchemingMind.com"]
[Date "2008.06.15"]
[Round "-"]
[White "Ingemar Assarsjö"]
[Black "GThomas"]
[Result "1-0"]
[WhiteCountry "SWE"]
[BlackCountry "USA"]
[WhiteElo "1867"]
[WhiteRD "104"]
[BlackElo "1406"]
[BlackRD "262"]
[GameID "158615"]

1. e4 e5 2. Nf3 Nc6 3. Bb5 a6 4. Ba4 Nf6 5. O-O b5 6. Bb3 Be7 7. Re1 O-O 8. c3 d6 9. h3 Na5 10. Bc2 Nc4
11. b3 Nb6 12. d4 exd4 13. cxd4 Bb7 14. Bb2 Re8 15. Nbd2 Bf8 16. Bd3 Nh5 17. Qc2 Nf4 18. Rac1 Nxd3 19. Qxd3 Rc8 20. Nf1 Nd7
21. Ng3 Nf6 22. Re2 Be7 23. e5 Nd5 24. Qf5 Nb4 25. Ba3 Bxf3 26. Qxf3 dxe5 27. dxe5 c5 28. Nf5 Bf8 29. Bxb4 cxb4 30. Rce1 g6
31. Ng3 Rc3 32. Qf4 Qc7 33. Ne4
1-0

[Event "CCLA/SchemingMind Challenge"]
[Site "SchemingMind.com"]
[Date "2008.06.15"]
[Round "-"]
[White "THart"]
[Black "Schaakmaatje"]
[Result "0-1"]
[WhiteCountry "USA"]
[BlackCountry "NED"]
[WhiteElo "1555"]
[WhiteRD "247"]
[BlackElo "1802"]
[BlackRD "48"]
[GameID "158588"]

1. d4 Nf6 2. e3 d6 3. Nf3 h6 4. Bd3 e6 5. O-O Be7 6. Nbd2 O-O 7. e4 Re8 8. e5 Nd5 9. Ne4 f5 10. exf6 Bxf6
11. Bd2 e5 12. c4 Nf4 13. Bxf4 exf4 14. Nxf6+ Qxf6 15. Re1 Bd7 16. Qb3 b6 17. Rxe8+ Bxe8 18. Re1 Nc6 19. Be4 Rd8 20. Bxc6 Bxc6
21. d5 Bd7 22. Qc2 Re8 23. Rxe8+ Bxe8 24. Qd2 Bd7 25. h3 g5 26. Qd4 Kf7 27. Qxf6+ Kxf6 28. Nh2 Ke5 29. Nf1 Kd4 30. b3 Kc3
31. f3 Bf5 32. Kf2 Kb2 33. Nd2 Kxa2 34. Ke2 Kb2 35. Ke1 Kc3 36. Ke2 Bc2 37. Ne4+ Bxe4 38. fxe4 Kxb3 39. Kd3 a5
0-1

[Event "CCLA/SchemingMind Challenge"]
[Site "SchemingMind.com"]
[Date "2008.06.15"]
[Round "-"]
[White "Schaakmaatje"]
[Black "THart"]
[Result "1-0"]
[WhiteCountry "NED"]
[BlackCountry "USA"]
[WhiteElo "1837"]
[WhiteRD "46"]
[BlackElo "1448"]
[BlackRD "200"]
[GameID "158616"]

1. e4 c6 2. d4 d5 3. f3 e6 4. Nh3 Be7 5. Be3 Nf6 6. Nf2 O-O 7. Nc3 Bb4 8. Be2 Bxc3+ 9. bxc3 Nbd7 10. O-O Re8
11. Qd2 e5 12. Bg5 Qc7 13. Rab1 exd4 14. cxd4 dxe4 15. Bf4 Qd8 16. Nxe4 Nxe4 17. fxe4 Rxe4 18. Bd3 Re8 19. c3 Nf6 20. Bg5 Re6
21. Qc2 g6 22. Qf2 Kg7 23. Rbe1 Rd6 24. Qf4 h6 25. Bxh6+ Kh7 26. Bg5 Kg7 27. Qh4 Bf5 28. Bxf5 Qh8 29. Qxh8+ Rxh8 30. Bxf6+ Rxf6
31. Bd3 Rxf1+ 32. Rxf1 Re8 33. Kf2 Re7 34. Re1 Rc7 35. g4 b5 36. Re5 f6 37. Re6 Kf7 38. Re3 g5 39. Bf5 a5 40. a3 c5
41. d5 b4 42. axb4 cxb4 43. cxb4 axb4 44. d6 Rc3 45. Rxc3 bxc3 46. Ke3
1-0

[Event "CCLA/SchemingMind Challenge"]
[Site "SchemingMind.com"]
[Date "2008.06.15"]
[Round "-"]
[White "grad"]
[Black "Neutrino"]
[Result "1-0"]
[WhiteCountry "USA"]
[BlackCountry "EGY"]
[WhiteElo "1567"]
[WhiteRD "161"]
[BlackElo "1632"]
[BlackRD "126"]
[GameID "158589"]

1. e4 c5 2. Nf3 d6 3. d3 Nc6 4. c3 Nf6 5. Be2 e6 6. O-O Be7 7. h3 O-O 8. Nh2 e5 9. f4 exf4 10. Bxf4 Qb6
11. Qd2 Ne5 12. Na3 Be6 13. Nf3 Ng6 14. Bh2 h6 15. Kh1 Rfe8 16. Bg1 Qd8 17. b3 a6 18. Nc4 b5 19. Ne3 Qc8 20. Rf2 Nf4
21. Nh2 Nxe2 22. Qxe2 a5 23. Nf5 Bf8 24. Nxh6+ gxh6 25. Rxf6 Bg7 26. Rf3 Bxc3 27. Rc1 Bg7 28. Be3 Qd7 29. Rg3 Kf8 30. Rf1 Qe7
31. Qh5 Reb8 32. Rxg7 Kxg7 33. Bxh6+
1-0

[Event "CCLA/SchemingMind Challenge"]
[Site "SchemingMind.com"]
[Date "2008.06.15"]
[Round "-"]
[White "Neutrino"]
[Black "grad"]
[Result "1-0"]
[WhiteCountry "EGY"]
[BlackCountry "USA"]
[WhiteElo "1632"]
[WhiteRD "126"]
[BlackElo "1567"]
[BlackRD "161"]
[GameID "158617"]

1. d4 Nf6 2. c4 e6 3. Nf3 Bb4+ 4. Nc3 d5 5. cxd5 Nxd5 6. Bd2 Nc6 7. e4 Nxc3 8. bxc3 Ba5 9. Bd3 O-O 10. O-O Ne7
11. Qc2 Ng6 12. Be3 Bb6 13. a4 a6 14. a5 Ba7 15. Rfb1 b6 16. Qe2 b5 17. c4 c6 18. e5 Qc7 19. c5 Bb8 20. h4 f5
21. h5 Ne7 22. h6 Ng6 23. Bg5 Ra7 24. g3 Qf7 25. Kg2 Bc7 26. hxg7 Qxg7 27. Rh1 Qf7 28. Rh6 Bd8 29. Bxd8 Rxd8 30. Ng5 Qg7
31. Rxh7 Qxh7 32. Nxh7 Rxh7 33. Rh1 Rg7 34. Kf1 Rxd4 35. f4 Ra4 36. Qe1 Rd7 37. Bc2 Rad4 38. Qe2 Rd2 39. Qh5 Rg7 40. Rh2 Rd4
41. Ke1 Rc4 42. Rd2 Rxc5 43. Rd8+ Nf8 44. Qe8 Rf7 45. Rxc8 Rxc2 46. Qxe6 c5 47. Qd6 c4 48. Qg6+ Rg7 49. Qxf5
1-0

[Event "CCLA/SchemingMind Challenge"]
[Site "SchemingMind.com"]
[Date "2008.06.15"]
[Round "-"]
[White "PDisque"]
[Black "marks"]
[Result "1-0"]
[WhiteCountry "USA"]
[BlackCountry "PHI"]
[WhiteElo "1950"]
[WhiteRD "231"]
[BlackElo "1683"]
[BlackRD "88"]
[GameID "158590"]

1. e4 d6 2. d4 g6 3. c4 Bg7 4. Nc3 Nc6 5. Be3 e5 6. Nge2 exd4 7. Nxd4 Nf6 8. Nxc6 bxc6 9. Be2 O-O 10. O-O Re8
11. Bf3 Bd7 12. c5 Qe7 13. cxd6 cxd6 14. Bd4 h5 15. h3 a5 16. Qd2 c5 17. Bxf6 Qxf6 18. e5 Qxe5 19. Bxa8 Rxa8 20. Rad1 Be6
21. Rfe1 Qd4 22. Qc1 Qh4 23. Rxd6 Bd4 24. Qd2 Bf5 25. Nd5 Kg7 26. Ne7 Be4 27. Rxd4 cxd4 28. Qxd4+ Qf6 29. Qxf6+ Kxf6 30. Rxe4 Rd8
31. Nc6 Rd2 32. Nxa5 Rxb2 33. a3 Rc2 34. Kf1 Kf5 35. Re3 g5 36. Nb3 Ra2 37. g3 h4 38. Nd4+ Kg6 39. gxh4 gxh4 40. Nf3 f5
41. Nxh4+ Kg5 42. Nf3+ Kf4 43. Nd4 Kg5 44. Rf3 Ra1+ 45. Kg2 Rd1 46. Nxf5
1-0

[Event "CCLA/SchemingMind Challenge"]
[Site "SchemingMind.com"]
[Date "2008.06.15"]
[Round "-"]
[White "marks"]
[Black "PDisque"]
[Result "0-1"]
[WhiteCountry "PHI"]
[BlackCountry "USA"]
[WhiteElo "1683"]
[WhiteRD "88"]
[BlackElo "1950"]
[BlackRD "231"]
[GameID "158618"]

1. e4 e6 2. Nf3 d5 3. exd5 exd5 4. d4 Nf6 5. Bd3 Bg4 6. h3 Bh5 7. g4 Bg6 8. Bg5 Be7 9. Nc3 c6 10. Qe2 Bxd3
11. Qxd3 O-O 12. Bxf6 Bxf6 13. O-O-O g6 14. Ne2 Nd7 15. h4 Re8 16. Ng3 Nf8 17. g5 Bg7 18. h5 Qa5 19. Kb1 Re7 20. Ne5 Bxe5
21. dxe5 Rxe5 22. f4 Re7 23. f5 Rae8 24. c3 Qb6 25. fxg6 fxg6 26. hxg6 hxg6 27. Qf1 Qe3 28. Qf6 Rg7 29. Rh6 Qxg3 30. Rdh1 Re1+
31. Rxe1 Qxe1+ 32. Kc2 Qe7 33. Qf4 Qe4+ 34. Qxe4 dxe4 35. Kd2 Rh7 36. Ke3 Rxh6 37. gxh6 Kh7 38. Kxe4 Nd7 39. b4 Kxh6 40. c4 Kh5
41. a4 Nb6 42. a5 Nxc4
0-1

[Event "CCLA/SchemingMind Challenge"]
[Site "SchemingMind.com"]
[Date "2008.06.15"]
[Round "-"]
[White "DJarvinen"]
[Black "Michael Preier"]
[Result "0-1"]
[WhiteCountry "USA"]
[BlackCountry "GER"]
[WhiteElo "1612"]
[WhiteRD "226"]
[BlackElo "1717"]
[BlackRD "106"]
[GameID "158591"]

1. e4 e5 2. Bc4 Nf6 3. d3 d5 4. exd5 Nxd5 5. Nf3 Bg4 6. O-O Nc6 7. c3 Nf4 8. Re1 Be7 9. Bxf4 exf4 10. Nbd2 O-O
11. d4 a6 12. Qc2 b5 13. Bd3 g6 14. h3 Be6 15. b3 Bf6 16. Rad1 Bg7 17. Be4 Qd7 18. Nf1 Bd5 19. Bxd5 Qxd5 20. Qe4 Qd6
21. N1h2 a5 22. d5 Nd8 23. c4 bxc4 24. bxc4 Nb7 25. Qe7 Nc5 26. Nd4 Bf6 27. Qxd6 cxd6 28. Nc6 Ra6 29. Rb1 Nd3 30. Red1 Ne5
31. Ng4 Nxg4 32. hxg4 Re8 33. Kf1 Re4 34. Rdc1 a4 35. Rb7 a3 36. f3 Re3 37. Na7 Bb2 38. Rc2 Rd3 39. Nb5 Rd1+ 40. Ke2 Ra1
41. Rd7 Rxa2 42. Nxd6 Ra1 43. Nxf7 Bg7 44. Kd3 a2 45. Re2 Ra8 46. Ree7 Rd1+
0-1

[Event "CCLA/SchemingMind Challenge"]
[Site "SchemingMind.com"]
[Date "2008.06.15"]
[Round "-"]
[White "Michael Preier"]
[Black "DJarvinen"]
[Result "0-1"]
[WhiteCountry "GER"]
[BlackCountry "USA"]
[WhiteElo "1667"]
[WhiteRD "95"]
[BlackElo "1790"]
[BlackRD "269"]
[GameID "158619"]

1. e4 c6 2. d4 d5 3. e5 Bf5 4. Bd3 Bxd3 5. Qxd3 e6 6. Nf3 Ne7 7. Ng5 h6 8. Qh3 Nf5 9. c3 c5 10. Be3 Nxe3
11. fxe3 Qxg5 12. O-O Be7 13. Nd2 Nd7 14. Rf4 Qg6 15. Raf1 O-O 16. Rg4 Qh7 17. Rf3 Kh8 18. b4 cxb4 19. c4 dxc4 20. Nxc4 Rac8
21. Nd6 Bxd6 22. exd6 Rc1+ 23. Kf2 Nf6 24. Rh4 Ne4+ 25. Rxe4 Qxe4 26. Qh5 Kg8 27. Qb5 Qc2+ 28. Kg3 Qg6+ 29. Kh3 Qg5 30. Qxb7 h5
31. Rf4 Re1 32. Qf3 Qd5 33. Qg3 Ra1 34. Rf2 Rxa2 35. Rxa2 Qxa2 36. d7 Qa5 37. e4 Qa3 38. d5 Qxg3+ 39. Kxg3 exd5
0-1

[Event "CCLA/SchemingMind Challenge"]
[Site "SchemingMind.com"]
[Date "2008.06.15"]
[Round "-"]
[White "AHerridge"]
[Black "langhab"]
[Result "1-0"]
[WhiteCountry "USA"]
[BlackCountry "PHI"]
[WhiteElo "1652"]
[WhiteRD "232"]
[BlackElo "1704"]
[BlackRD "101"]
[GameID "158592"]

1. c4 e5 2. g3 d6 3. Bg2 g6 4. Nc3 Bg7 5. d3 f5 6. e4 c6 7. Nf3 Be6 8. b4 Nd7 9. O-O h6 10. a4 g5
11. Rb1 f4 12. Ne1 Ngf6 13. a5 Qe7 14. Na4 h5 15. h3 O-O-O 16. Qc2 f3 17. Nxf3 g4 18. hxg4 hxg4 19. Nh4 Qf7 20. Bg5 Nf8
21. f3 Ng6 22. Qf2 Rdf8 23. fxg4 Nxh4 24. Bxh4 Bxg4 25. Qxa7 Be2 26. Bh3+ Bg4 27. Bxg4+ Nxg4 28. Rxf7 Rxf7 29. Rf1 Rxf1+ 30. Kxf1 Rf8+
31. Kg2 Bh6 32. Be7 Rf2+ 33. Kh3 Ne3 34. Bxd6 Rf7 35. Nb6+ Kd8 36. Qb8#
1-0

[Event "CCLA/SchemingMind Challenge"]
[Site "SchemingMind.com"]
[Date "2008.06.15"]
[Round "-"]
[White "langhab"]
[Black "AHerridge"]
[Result "1-0"]
[WhiteCountry "PHI"]
[BlackCountry "USA"]
[WhiteElo "1704"]
[WhiteRD "101"]
[BlackElo "1652"]
[BlackRD "232"]
[GameID "158620"]

1. c3 g6 2. e4 Bg7 3. f4 e6 4. d4 b6 5. Nf3 Bb7 6. Bd3 Nc6 7. O-O Nge7 8. Qc2 d5 9. e5 O-O 10. Nh4 Nf5
11. Nxf5 exf5 12. Be3 f6 13. Nd2 fxe5 14. fxe5 Re8 15. Nf3 Nxe5 16. dxe5 Bxe5 17. Nxe5 Rxe5 18. Qd2 c5 19. Rae1 Qh4 20. Bg5 Qg4
21. Rxe5 Qa4 22. Bf6 Qxa2 23. Qh6
1-0

[Event "CCLA/SchemingMind Challenge"]
[Site "SchemingMind.com"]
[Date "2008.06.15"]
[Round "-"]
[White "RRoddy"]
[Black "frank_velbrati"]
[Result "0-1"]
[WhiteCountry "USA"]
[BlackCountry "GER"]
[WhiteElo "1434"]
[WhiteRD "294"]
[BlackElo "1851"]
[BlackRD "127"]
[GameID "158593"]

1. e4 c5 2. Nf3 Nc6 3. Bb5 Qc7 4. O-O e6 5. c3 Nf6 6. Re1 a6 7. Bf1 d6 8. d4 Be7 9. Bf4 cxd4 10. cxd4 O-O
11. Nbd2 e5
0-1

[Event "CCLA/SchemingMind Challenge"]
[Site "SchemingMind.com"]
[Date "2008.06.15"]
[Round "-"]
[White "frank_velbrati"]
[Black "RRoddy"]
[Result "1-0"]
[WhiteCountry "GER"]
[BlackCountry "USA"]
[WhiteElo "1833"]
[WhiteRD "125"]
[BlackElo "1392"]
[BlackRD "268"]
[GameID "158621"]

1. e4 c6 2. d3 d5 3. Nd2 e5 4. Ngf3 Bd6 5. Be2 Nf6 6. O-O O-O 7. c3 Re8 8. Qc2 Nbd7 9. Re1 Nf8 10. Bf1 Ng6
11. g3 Qb6 12. Nb3 Bg4 13. Bg2 Rad8 14. Be3 Qc7 15. h3 Bd7 16. Bg5 Be7 17. Rad1 b5 18. exd5 Nxd5 19. Bxe7 Ndxe7 20. d4 Bf5
21. Qe2
1-0

[Event "CCLA/SchemingMind Challenge"]
[Site "SchemingMind.com"]
[Date "2008.06.15"]
[Round "-"]
[White "hreed"]
[Black "Wojciech  Langer"]
[Result "0-1"]
[WhiteCountry "USA"]
[BlackCountry "INT"]
[WhiteElo "1625"]
[WhiteRD "224"]
[BlackElo "1709"]
[BlackRD "74"]
[GameID "158594"]

1. d4 Nf6 2. c4 c5 3. d5 b5 4. Nf3 g6 5. cxb5 a6 6. b6 d6 7. Nc3 Qxb6 8. Nd2 Bg7 9. e4 Bb7 10. Nc4 Qc7
11. Bd3 O-O 12. O-O Nbd7 13. f3 Rae8 14. Bf4 Nb6 15. Qb3 Nxc4 16. Bxc4 Nh5 17. Bd2 Qd7 18. Rab1 Rb8 19. Qc2 Bd4+ 20. Kh1 Rbe8
21. Bh6 Ng7 22. Qd2 Kh8 23. Ne2 e6 24. Nxd4 cxd4 25. Qxd4 e5 26. Qd3 f5 27. Rbc1 f4 28. Bxa6 Ra8 29. Bb5 Qe7 30. a3 Rfc8
31. Rc3 Ne8 32. Bxe8 Qxe8 33. Bg5 Ba6 34. Qd1 Bxf1 35. Qxf1 Rxc3 36. bxc3 Rxa3 37. Qc1 Qa4
0-1

[Event "CCLA/SchemingMind Challenge"]
[Site "SchemingMind.com"]
[Date "2008.06.15"]
[Round "-"]
[White "Wojciech  Langer"]
[Black "hreed"]
[Result "0-1"]
[WhiteCountry "INT"]
[BlackCountry "USA"]
[WhiteElo "1675"]
[WhiteRD "72"]
[BlackElo "1814"]
[BlackRD "271"]
[GameID "158622"]

1. c4 e6 2. d4 d5 3. Nc3 c6 4. e3 Nf6 5. Nf3 Nbd7 6. Qc2 Bd6 7. Bd3 O-O 8. O-O dxc4 9. Bxc4 b5 10. Be2 Bb7
11. e4 e5 12. Rd1 Qe7 13. d5 b4 14. Na4 Rac8 15. Qb3 cxd5 16. Bg5 d4 17. Qd3 Bxe4 18. Bxf6 Nxf6 19. Qa6 Rc2 20. Bd3 Bxd3
21. Rxd3 Rfc8 22. Rdd1 Ng4 23. Rf1 e4 24. h3 exf3 25. hxg4 fxg2 26. Rfe1 Qf6 27. Kxg2 Qxf2+ 28. Kh3 Qh2#
0-1

[Event "CCLA/SchemingMind Challenge"]
[Site "SchemingMind.com"]
[Date "2008.06.15"]
[Round "-"]
[White "Brennan Price"]
[Black "Clive Everill"]
[Result "1-0"]
[WhiteCountry "USA"]
[BlackCountry "CZE"]
[WhiteElo "2032"]
[WhiteRD "84"]
[BlackElo "1729"]
[BlackRD "48"]
[GameID "158595"]

1. e4 d5 2. exd5 Qxd5 3. Nc3 Qa5 4. d4 e5 5. Nf3 Bb4 6. Bd2 Nc6 7. dxe5 Nge7 8. a3 Bxc3 9. Bxc3 Qd5 10. Bd3 Bg4
11. Be2 O-O-O 12. Qxd5 Nxd5 13. h3 Bf5 14. O-O-O Nxc3 15. bxc3 Rhe8 16. Rxd8+ Rxd8 17. Rd1 Rxd1+ 18. Kxd1 a6 19. Bd3 g6 20. Bxf5+ gxf5
21. Ke2 Kd7 22. Ke3 Ke6 23. Kf4 h6 24. Nd4+ Nxd4 25. cxd4 c6 26. c4 b5 27. g4 fxg4 28. hxg4 f6 29. cxb5 axb5 30. exf6 Kxf6
31. Ke4 Ke6 32. f4 Kf6 33. f5
1-0